000 01565nam a2200481 i 4500
001 31390
003 KOSZ 005
005 20191016142948.0
008 980713s1997 pl f |001 0 pol
015 _aPB 1997/5026
020 _a3406412823
020 _a8371108028
035 _a991004810639705066
035 _a(PL-WaBN)b11267380-48omnis_nlop
035 _ab11267380
035 _a(OCoLC)830126845
035 _a(PL)b0000001126738
035 _a(EXLNZ-48OMNIS_NETWORK)9910223897505606
040 _aWA N
_cWA N
_dKOSZ 005/HR
046 _k1997
080 _a347.91/.95(438)
100 1 _aKorzan, Kazimierz
_d(1925-2015)
_eAutor
245 1 0 _aPostępowanie nieprocesowe /
_cKazimierz Korzan.
260 _aWarszawa :
_bC. H. Beck,
_c1997.
300 _aXVI, 470 s. ;
_c23 cm.
336 _2rdacontent
_aTekst
_btxt
337 _2rdamedia
_aBez urządzenia pośredniczącego
_bn
338 _2rdacarrier
_aWolumin
_bnc
380 _aKsiążki
380 _aPublikacje fachowe
388 _a1901-2000
388 _a1989-2000
490 1 _aStudia Prawnicze
504 _aBibliogr. przy rozdz., wykaz aktów prawnych s. XV. - Indeks.
650 7 _aPostępowanie nieprocesowe
_2DBN
651 7 _aPolska
658 _aPrawo i wymiar sprawiedliwości
710 2 _aWydawnictwo C.H. Beck
_4pbl
830 0 _aStudia Prawnicze - C. H. Beck
856 _uhttp://koha.tu.koszalin.pl/cgi-bin/koha/opac-detail.pl?biblionumber=31390
_yKatalog online BPK
942 _2UKD
_cKS
999 _c31390
_d31390